| 000 | 01361mam a2200361 a 4500 | ||
|---|---|---|---|
| 001 | 2362030 | ||
| 003 | ARRUPE | ||
| 005 | 20150907145818.0 | ||
| 008 | 990427s1999 ne a b 000 0 eng d | ||
| 020 | _z0792355482 | ||
| 035 | _a(OCoLC)ocm41257842 | ||
| 035 | _a(NNC)2362030 | ||
| 040 |
_aOSU _cOSU _dNNC |
||
| 090 |
_aB802 _b.S75 1999 |
||
| 245 | 0 | 4 |
_aThe sciences in the european periphery during the enlightenment _cEdited by Kostas Gavroglu. |
| 260 |
_aDordtecht : _bKluwer Academic Publishers, _c1999. |
||
| 300 |
_a224 p. : _bill. ; _c25 cm. |
||
| 490 | 1 |
_aArchimedes (Dordrecht, Netherlands) ; _v2 |
|
| 490 | 1 |
_aNew studies in the history and philosophy of science and technology ; _v2 |
|
| 650 | 0 |
_aEnlightenment. _918949 |
|
| 650 | 0 |
_aScience _xHistory _y18th century. _915869 |
|
| 650 | 0 |
_aEnlightenment _zSpain. _918950 |
|
| 651 | 0 |
_aPortugal _xHistory _y18th century. _918951 |
|
| 651 | 0 |
_aPortugal _xIntellectual life. _918952 |
|
| 651 | 0 |
_aGreece _xIntellectual life. _918953 |
|
| 651 | 0 |
_aSpain _xHistory _y18th century. _918954 |
|
| 651 | 0 |
_aScandinavia _xHistory _y18th century. _918955 |
|
| 700 | 1 |
_aGavroglou, KÅstas. _918956 _eed. |
|
| 830 | 0 |
_aArchimedes (Dordrecht, Netherlands) ; _v2. _918957 |
|
| 830 | 0 |
_aNew studies in the history and philosophy of science and technology ; _v2. _918958 |
|
| 942 |
_2lcc _cMONOGRAPH |
||
| 999 |
_c123144 _d123144 |
||